zpět

Detail výsledku týmu

Bartolomějka, Kolín

Datum a čas kvízu

24.5 Celkem bodů Celkový počet nahraných bodů na tomto kvízu bez doplňovacích otázek.
5. Pořadí na kvízu Konečné umístění týmu na tomto kvízu.

Zaznamenané odpovědi

# Otázka Odpověď Body Výsledky
1. Mimořádně cenné záběry z jisté... 0
2. Dánsko chce na hranicích s Něm... 1
3. Kdo poslouchal dne 21. března... 1
4. Majitelé účtů v České spořitel... 0
5. Světový pohár v Ťumeni, kteréh... 1
6. Budeme se zabývat slovy, která... 1
7. Bezpečnostní informační služba... 0
8. Jak se jmenuje objekt, který v... 1
9. Logo které mezinárodní organiz... 0
10. Jak se jmenuje zřícenina hradu... 1